Soccer General Knowledege Quiz #1 - Statistics

General Stats
  • This quiz has been taken 2,223 times
  • The average score is 10 of 15
Answer Stats
Clue Answer % Correct
Which soccer club has the most EPL titles? Manchester United
96%
Which player has the most Ballon d'Or awards? Lionel Messi
93%
Which national team won the first FIFA World Cup? Uruguay
92%
Allianz Arena is home to what German soccer club? Bayern Munich
91%
An 'El Classico' refers to which two clubs playing agaist each other? FC Barcelona
91%
An 'El Classico' refers to which two clubs playing agaist each other? Real Madrid
91%
What is the top tier of Spanish league soccer? La Liga
84%
Who is the top goalscorer for the England National Team? Wayne Rooney
80%
What league do teams relegated from the EPL go to? Football League Championship
79%
Which company sponsors the English Premier League? Barclays
63%
Who is the yougest player to score at a FIFA World Cup? Pelé
58%
Who is Arsenal's longest serving manager? Arsène Wenger
54%
What is the oldest international soccer competition? Copa America
30%
Which two international teams were inducted into FIFA in 2016? Kosovo
17%
Which two international teams were inducted into FIFA in 2016? Gibraltar
8%
No matching quizzes found
Score Distribution
Percent of People with Each Score
Percentile by Number Answered
Your Score History
You have not taken this quiz